00486nam a2200181 a 450000100060000000300090000600800410001504000280005608200150008410000280009924500390012726000390016630000100020565000310021565000290024694200120027599900170028718474CO-ViMGA141112s2004 ck r 000 u spa d aCO-ViMGAbspacCO-ViMGA04aFr780 F5671 aFlórez, Carlos92630310a...Hola músico , bienvenido....! aBogotá, cSurAméricana, c2003 a71.p.14aAPRECIACION MUSICAL92063714aMUSICA ESPIRITUAL926304 2ddccBK c27770d27770